000
00282nam a22001217a 4500
040
_c
SY
082
_a
581
100
_a
ប៊ែរ ណា
245
_a
រុក្ខជាតិនៅកម្ពុជាំ
260
_a
RUA
_b
ប៊ែរ
_c
1985
300
_a
79p.
942
_c
EK
999
_c
9767
_d
9767